Statystyki dla Stacje i przystanki kolejowe w Rzeszowie

Kliknij tutaj aby rozwiązać quiz!

Ogólne statystyki

  • Ten quiz został rozwiązany 26 razy
  • Średni wynik to 4 z 7

Statystyki odpowiedzi

RodzajNazwa% Poprawnych
StacjaRzeszów Główny
96%
P.oRzeszów Zachodni
96%
P.oRzeszów Osiedle
52%
StacjaRzeszów Staroniwa
52%
P.oRzeszów Załęże
48%
P.oRzeszów Miłocin
44%
P.oRzeszów Zwięczyca
32%

Rozkład punktacji

Percentyl według liczby udzielonych odpowiedzi

Procent ludzi z każdym wynikiem

Twoja historia wyników

Nie rozwiązałeś tego quizu